| 000 | 00453cam a2200181ua 4500 | ||
|---|---|---|---|
| 020 | _c1.00 | ||
| 041 |
_amal _h |
||
| 082 |
_a894.8121 _bACH/OR |
||
| 100 | _aAchuthan Namboodiri, . | ||
| 245 |
_aOru kula munithiringa / _cAchuthan Namboodiri. _hTextual Documents |
||
| 250 |
_a1 / _b. |
||
| 260 |
_aKuttippuram : _bGouthama Publications , _c1959. |
||
| 300 | _a63 ; . | ||
| 365 | _a1.00 | ||
| 504 | _a | ||
| 942 | _cBK | ||
| 999 |
_c4937 _d4937 |
||